Personnages de Hunger Games à leur district - Statistiques

Statistiques générales
  • Ce quiz a été pris 1 168 fois
    1 151 depuis la dernière actualisation
  • Le résultat moyen est 23 sur 50
Statistiques - réponses
Hint Réponse % Correct
Katniss Everdeen District 12
96%
Peeta Mellark District 12
93%
Coriolanus Snow Le Capitole
90%
Haymitch Abernathy District 12
85%
Gale Hawthorne District 12
84%
Primrose Everdeen District 12
84%
Cinna Le Capitole
80%
Caesar Flickerman Le Capitole
77%
Effie Trinket Le Capitole
75%
Rue District 11
70%
Tigris Le Capitole
68%
Finnick Odair District 4
64%
Alma Coin District 13
63%
Plutarch Heavensbee Le Capitole
62%
Thresh District 11
61%
Lucy Gray Baird District 12
59%
Annie Cresta District 4
56%
Mags District 4
56%
Glimmer District 1
54%
Clove District 2
54%
Johanna Mason District 7
53%
Flavius Le Capitole
45%
Pollux Le Capitole
44%
Cato District 2
44%
Portia Le Capitole
43%
Beetee Latier District 3
39%
Casca Highbottom Le Capitole
38%
Cashmere District 1
38%
Marvel District 1
38%
Wiress District 3
35%
Sae Boui-boui District 12
35%
Gloss District 1
34%
Maysilee Donner District 12
34%
Les deux "Drogués" District 6
32%
Enobaria District 2
31%
Brutus District 2
29%
Boggs District 13
29%
La Renarde District 5
28%
Messalla Le Capitole
27%
Jackson District 13
23%
Chaff District 11
20%
Homes District 13
20%
Sejanus Plinth District 2
17%
Blight District 7
14%
Commandante Paylor District 8
14%
Seeder District 11
13%
Bonnie District 8
12%
Cecelia District 8
10%
Commandante Lyme District 2
8%
Dalton District 10
6%
Aucun quiz correspondant
Distribution des résultats
% des personnes avec chaque résultat
Percentile par nombre de réponses
Votre historique - résultats
Vous n’avez pas pris ce quiz depuis la dernière actualisation